000 00302nam a22001337a 4500
008 181203b xxu||||| |||| 00| 0 eng d
020 _a9780073033907
041 _aeng
080 _210th
_a940
100 _a16
101 _aSHH
245 _aAmerican History a Survey
_cBrinkley,A
942 _2udc
_cBK
999 _c52743
_d52743